| Tag |
First Indicator |
Second Indicator |
Subfields |
| LEADER |
00000cam a2200000 a 4500 |
| 001 |
in00000017160 |
| 005 |
20220103114409.0 |
| 007 |
cr unu a |
| 008 |
880624s1986 xx a b 00010 eng d |
| 035 |
|
|
|9 AAB1516AM
|
| 035 |
|
|
|a (OCoLC)18131512
|
| 040 |
|
|
|a TXA
|c TXA
|d UtOrBLW
|
| 043 |
|
|
|a n-us-ca
|
| 049 |
|
|
|a TXAZ [Also in] [Archives]
|c 1 [A09992366], 2 [A09992374]
|
| 099 |
|
|
|a 1986
|a Thesis
|a H239
|
| 100 |
1 |
|
|a Hanger, Rex Alan,
|d 1961-
|
| 245 |
1 |
0 |
|a Biotic communities and brachiopod paleoecology of the Early Permian McCloud Formation, northern California /
|c by Rex Alan Hanger.
|
| 264 |
|
1 |
|a [Place of publication not identified] :
|b [publisher not identified] ;
|c 1986.
|
| 300 |
|
|
|a x, 127 leaves :
|b illustrations ;
|c 29 cm.
|
| 336 |
|
|
|a text
|b txt
|2 rdacontent
|
| 337 |
|
|
|a computer
|b c
|2 rdamedia
|
| 338 |
|
|
|a online resource
|b cr
|2 rdacarrier
|
| 500 |
|
|
|a "Major subject: Geology."
|
| 500 |
|
|
|a Typescript (photocopy).
|
| 500 |
|
|
|a Vita.
|
| 502 |
|
|
|b M.S.
|c Texas A&M University
|d 1986.
|
| 504 |
|
|
|a Bibliography: leaves 99-103.
|
| 530 |
|
|
|a Also available online.
|
| 650 |
|
0 |
|a Brachiopoda, Fossil.
|
| 650 |
|
0 |
|a Paleoecology
|z California
|z Shasta County.
|
| 650 |
|
0 |
|a Paleontology
|y Permian.
|
| 650 |
|
4 |
|a Major geology.
|
| 856 |
4 |
1 |
|u https://hdl.handle.net/1969.1/ETD-TAMU-1986-THESIS-H239
|z Link to OAKTrust copy
|t 0
|
| 999 |
|
|
|a MARS
|
| 999 |
f |
f |
|s c0abc3a7-6cb6-33e0-9283-fdf2d655a2db
|i 93680362-a8b8-33b8-a49b-859491765370
|t 0
|
| 952 |
f |
f |
|p noncirc
|a Texas A&M University
|b J.J. Pickle Campus
|c High Density Repository
|s HDR
|d Remote Storage
|t 0
|e 1986 Thesis H239
|h Other scheme
|i computer -- online resource
|m A14839614281
|
| 952 |
f |
f |
|a Texas A&M University
|b College Station
|c Electronic Resources
|s www_evans
|d Available Online
|t 0
|e 1986 Thesis H239
|h Other scheme
|
| 998 |
f |
f |
|a 1986 Thesis H239
|t 0
|l Remote Storage
|
| 998 |
f |
f |
|a 1986 Thesis H239
|t 0
|l Available Online
|